Jawahralal Nehru: An Autobiography / (Record no. 187405)
[ view plain ]
| 000 -LEADER | |
|---|---|
| fixed length control field | 01433 a2200169 4500 |
| 003 - CONTROL NUMBER IDENTIFIER | |
| control field | Nust |
| 005 - DATE AND TIME OF LATEST TRANSACTION | |
| control field | 20230209124424.0 |
| 040 ## - CATALOGING SOURCE | |
| Transcribing agency | Nust |
| 082 ## - DEWEY DECIMAL CLASSIFICATION NUMBER | |
| Classification number | 954.04,JAW |
| 100 ## - MAIN ENTRY--PERSONAL NAME | |
| Personal name | Nehru, Jawaharlal |
| 9 (RLIN) | 1499 |
| 245 ## - TITLE STATEMENT | |
| Title | Jawahralal Nehru: An Autobiography / |
| Statement of responsibility, etc. | Jawahralal Nehru |
| 260 ## - PUBLICATION, DISTRIBUTION, ETC. | |
| Place of publication, distribution, etc. | London |
| Name of publisher, distributor, etc. | Lowe And Brydone |
| 300 ## - PHYSICAL DESCRIPTION | |
| Extent | 622:p |
| 505 ## - FORMATTED CONTENTS NOTE | |
| Formatted contents note | Descent From Kashmir (Page-1), Childhood (Page-6), Theosophy (Page-12), Harrow and Cambridge (Page-17), My Wedding and an Adventure in the Himalayas (Page-37), I am Externed and the Consequences Thereof (Page-48), Non-Co-Operation (Page-63), Luck now District Gaol (Page-90), An Interlude at Nabha (Page-109), Communalism Rampant (Page-134), In Europe (Page-148), Controversies in India (Page-156), The Oppressed Meet at Brussels (Page-161), Return to India and Plunge Back Into Politics (Page-166), Trade Union Congress (Page-182), In Naini Prison (Page-217), Death of my Father (Page-245), The Delhi Pact (Page-249), The End of the Truce (Page-313), Prison Hum ours (Page-346), What is Religion ? (Page-370), The Liberal Outlook (Page-409), Dominion Status and Independence (Page-416), India old and New (Page-426), The Record of British Rule (Page-433), Impasse (Page-473), Desolation (Page-504), Dehra Gaol Again (Page-553), Back to Prison (Page-566), Some Recent Happenings (Page-573), Epilogue (Page-595). |
| 650 ## - SUBJECT ADDED ENTRY--TOPICAL TERM | |
| Topical term or geographic name entry element | Jawahralal Nehru |
| 9 (RLIN) | 108779 |
| 942 ## - ADDED ENTRY ELEMENTS (KOHA) | |
| Source of classification or shelving scheme | |
| Koha item type | Book |
| Call number prefix | 954.04,JAW |
| Withdrawn status | Lost status | Source of classification or shelving scheme | Damaged status | Not for loan | Permanent Location | Current Location | Shelving location | Date acquired | Full call number | Barcode | Date last seen | Price effective from | Koha item type | Public note |
|---|---|---|---|---|---|---|---|---|---|---|---|---|---|---|
| Military College of Signals (MCS) | Military College of Signals (MCS) | General Stacks | 12/12/2016 | 954.04,JAW | MCS29261 | 12/08/2016 | 12/12/2016 | Book | Almirah No. 61, Shelf No. 5 |
